क्रिकेट के नियम / (Record no. 28487)

MARC details
000 -LEADER
fixed length control field 01165nam a22002537a 4500
005 - DATE AND TIME OF LATEST TRANSACTION
control field 20090721144357.0
008 - FIXED-LENGTH DATA ELEMENTS--GENERAL INFORMATION
fixed length control field 090721t xxu||||| |||| 00| 0 hin d
010 ## - LCCN (DPL NO)
LC control number HIN-87409
020 ## - INTERNATIONAL STANDARD BOOK NUMBER
International Standard Book Number 9788178795010
Terms of availability 125.00
035 ## - SYSTEM CONTROL NUMBER
System control number HN-59755
037 ## - SOURCE OF ACQUISITION
Source of stock number/acquisition DBAD / PUB
040 ## - CATALOGING SOURCE
Original cataloging agency dpl
Language of cataloging hn
082 ## - DEWEY DECIMAL CLASSIFICATION NUMBER
Classification number 796.358
100 ## - MAIN ENTRY--PERSONAL NAME
Personal name बलजीत सिंह
245 ## - TITLE STATEMENT
Title क्रिकेट के नियम /
Remainder of title बलजीत सिंह
246 ## - VARYING FORM OF TITLE
Title proper/short title Cricket ke niyama
Remainder of title by Baljeet Singh
260 ## - PUBLICATION, DISTRIBUTION, ETC. (IMPRINT)
Place of publication, distribution, etc नई दिल्ली
Name of publisher, distributor, etc स्पोर्टस पब्लिकेशन्स
Date of publication, distribution, etc 2008
270 ## - ADDRESS
Address 7/26,ग्राउण्ड फ्लोर, अंसारी रोड, दरियागंज,
City नई दिल्ली
Postal code 110002
Telephone number 65749511
Fax number 011-23240261
300 ## - PHYSICAL DESCRIPTION
Extent 114पृ.
Dimensions 22सेमी (अजिल्द)
650 ## - SUBJECT ADDED ENTRY--TOPICAL TERM
Topical term or geographic name as entry element क्रिकेट
650 ## - SUBJECT ADDED ENTRY--TOPICAL TERM
Topical term or geographic name as entry element Cricket
942 ## - ADDED ENTRY ELEMENTS (KOHA)
Source of classification or shelving scheme Dewey Decimal Classification
Item type Hindi Books
Call number suffix बलजी
Classification part 796.358
Holdings
Withdrawn status Lost status Source of classification or shelving scheme Damaged status Not for loan Home library Current library Date acquired Source of acquisition Cost, normal purchase price Total Checkouts Full call number Barcode Date last seen Copy number Cost, replacement price Koha item type
    Dewey Decimal Classification   Not For Loan D.B.Act.Division D.B.Act.Division 21/07/2009 DBAD / PUB 125.00   796.358 बलजी HN-59755 21/07/2009 1 125.00 Hindi Books

© Delhi Public Library
Hit Counter
free hit counter